Kabale University Library Catalogue

The art of editing in the age of convergence / (Record no. 5747)

MARC details
000 -LEADER
fixed length control field 00715cam a2200229 a 4500
005 - DATE AND TIME OF LATEST TRANSACTION
control field 20250730115321.0
008 - FIXED-LENGTH DATA ELEMENTS--GENERAL INFORMATION
fixed length control field 000316s2001 maua 001 0 eng
020 ## - INTERNATIONAL STANDARD BOOK NUMBER
International Standard Book Number 9780205569649
020 ## - INTERNATIONAL STANDARD BOOK NUMBER
International Standard Book Number 0205569641
040 ## - CATALOGING SOURCE
Original cataloging agency KABLIB
Transcribing agency KABLIB
Description conventions rda
082 00 - DEWEY DECIMAL CLASSIFICATION NUMBER
Classification number 070.41
Edition number 23
Item number BRO
100 1# - MAIN ENTRY--PERSONAL NAME
Personal name Brooks, Brian S.
9 (RLIN) 13200
245 14 - TITLE STATEMENT
Title The art of editing in the age of convergence /
Statement of responsibility, etc. Brian S. Brooks, James L. Pinson
250 ## - EDITION STATEMENT
Edition statement 9th ed.
260 ## - PUBLICATION, DISTRIBUTION, ETC.
Place of publication, distribution, etc. Boston :
Name of publisher, distributor, etc. Pearson Education, Inc.,
Date of publication, distribution, etc. c2009.
300 ## - PHYSICAL DESCRIPTION
Extent xiv, 418 p. :
Other physical details ill. ;
Dimensions 24 cm.
500 ## - GENERAL NOTE
General note Includes glossary, index.
650 #0 - SUBJECT ADDED ENTRY--TOPICAL TERM
Topical term or geographic name entry element Journalism
General subdivision Editing.
9 (RLIN) 14555
650 #0 - SUBJECT ADDED ENTRY--TOPICAL TERM
Topical term or geographic name entry element Copy editing.
9 (RLIN) 14556
700 1# - ADDED ENTRY--PERSONAL NAME
Personal name Pinson, James L.
9 (RLIN) 14557
942 ## - ADDED ENTRY ELEMENTS (KOHA)
Source of classification or shelving scheme Dewey Decimal Classification
Koha item type Book
Holdings
Withdrawn status Lost status Source of classification or shelving scheme Damaged status Not for loan Home library Current library Shelving location Date acquired Total Checkouts Full call number Barcode Date last seen Price effective from Koha item type
    Dewey Decimal Classification     Education Library Education Library Reserve Section 30.07.2025   070.41 BRO 13936 30.07.2025 30.07.2025 Book

Kabale University Library | Kabale University P.O Box 317, Kabale, Uganda
Tel : +256754017033, +256774661503 E-mail : library@kab.ac.ug